Tree leaf talk : a Heideggerian anthropology
Αποθηκεύτηκε σε:
| Κύριος συγγραφέας: | |
|---|---|
| Μορφή: | Βιβλίο |
| Γλώσσα: | English |
| Δημοσίευση: |
Oxford :
2001
|
| Θέματα: | |
| Ετικέτες: |
Προσθήκη ετικέτας
Δεν υπάρχουν, Καταχωρήστε ετικέτα πρώτοι!
|
MARC
| LEADER | 00000nam a2200000 i 4500 | ||
|---|---|---|---|
| 001 | 1/87751 | ||
| 008 | 080604s2001 eng d | ||
| 020 | |a 1-85973-501-0 | ||
| 035 | |l 10097947 | ||
| 040 | |a GR-MY-UA |b gre |e aacr | ||
| 041 | 0 | |a eng | |
| 082 | 0 | |a 301 |2 (22) | |
| 100 | 1 | |a Weiner, James F. | |
| 245 | 1 | 0 | |a Tree leaf talk : |b a Heideggerian anthropology / |c James F. Weiner |
| 260 | |a Oxford : |c 2001 | ||
| 300 | |a xv, 190 σ.; |b εικ.; |c 22 εκ. | ||
| 504 | |a Βιβλιογραφία: σ. 175-186 | ||
| 504 | |a Ευρετήριο: σ. 187-190 | ||
| 600 | 1 | 0 | |a Heidegger, Martin, |d 1889-1976. |
| 650 | 0 | 0 | |a Anthropology |x Philosophy. |
| 852 | |a INST |b LESVOS |e 20080604 |h 301 WEI |p 005100041602 |q 005100041602 |t BK |y 0 | ||
| 901 | |a BIBL1-2008-2 | ||
| 909 | |a Λ |b 143912 | ||
| 922 | |a 1ΕΛΗ |b 200801 |c ΕΠΕΑΕΚ2/ΤΚΑ |d ΠΑΠΑΣΩΤΗΡΙΟΥ | ||
| 970 | |a ΚΑΡΑ |b ΓΙΑΣΕΜΗ |z 2008/06/04 | ||